| 000 | 00722nam a2200181 4500 | ||
|---|---|---|---|
| 999 |
_c56836 _d56836 |
||
| 005 | 20190510184252.0 | ||
| 008 | 190510c2018 ру ||||| |||| 00| 0 рус d | ||
| 022 | _a2220-6051 | ||
| 041 | _aрус | ||
| 245 |
_aСоциальная педагогика : _b2018 N2-3. Научно-практический журнал для социальных паботников и педагогов / _cРед.: Демакова И. Д. |
||
| 260 |
_aМосква, _c2018. |
||
| 300 | _aV. | ||
| 653 | _aპედაგოგიკა | ||
| 653 | _aСоциальная педагогика N2-3 2018. | ||
| 653 | _aпериодика | ||
| 700 |
_aДемакова И. Д. _eРедактор _91000 |
||
| 942 |
_2udc _cCR |
||